000
00349nam a2200133 a 4500
005
20140412111424.0
008
080201s19uu xx 00 eng d
050
_a
ER
_b
Gi35 1988
245
_a
All about giant pandas.
260
_a
U.S.A :
_b
Determined productions,
_c
1988.
440
_a
World wildlife fund's
650
_a
Pandas
999
_c
106170
_d
106170